Evaluación del nivel de lectura y la traducción de pictogramas por estudiantes chilenos de Educación Básica (Record no. 201199)
[ view plain ]
| 000 -CABECERA | |
|---|---|
| campo de control de longitud fija | 01517nab a2200277 a 4500 |
| 005 - FECHA Y HORA DE LA ÚLTIMA TRANSACCIÓN | |
| campo de control | 20260110063930.0 |
| 008 - ELEMENTOS DE LONGITUD FIJA--INFORMACIÓN GENERAL | |
| campo de control de longitud fija | 991125c2018 sp fr p o 000 0 spa d |
| 035 ## - NÚMERO DE CONTROL DEL SISTEMA | |
| Número de control de sistema | UPN01000229104 |
| 040 ## - FUENTE DE LA CATALOGACIÓN | |
| Centro catalogador/agencia de origen | MX-MxUPN |
| Lengua de catalogación | spa |
| Centro/agencia transcriptor | MX-MxUPN |
| Normas de descripción | aacr2 |
| 049 ## - COLECCIÓN | |
| Colección | ART-E |
| 100 1# - ASIENTO PRINCIPAL--NOMBRE PERSONAL | |
| Nombre de persona | Batanero Bernabeu, Carmen |
| 100 1# - ASIENTO PRINCIPAL--NOMBRE PERSONAL | |
| Nombre de persona | Díaz Levicoy, Danilo |
| 100 1# - ASIENTO PRINCIPAL--NOMBRE PERSONAL | |
| Nombre de persona | Arteaga, Pedro |
| 245 10 - MENCIÓN DE TÍTULO | |
| Título | Evaluación del nivel de lectura y la traducción de pictogramas por estudiantes chilenos de Educación Básica |
| Medio | [recurso electrónico en línea] |
| 506 0# - NOTA DE RESTRICCIONES AL ACCESO | |
| Limitaciones de acceso | Acceso abierto |
| 520 3# - NOTA DE RESUMEN, ETC. | |
| Sumario, etc. | El objetivo de esta investigación fue evaluar el nivel de lectura y la capacidad de traducción de pictogramas por estudiantes chilenos de 6º y 7º curso de Educación Básica. Con esta finalidad, se propone a 745 estudiantes a dos tareas, en la primera de la cuales deben traducir un pictograma a una tabla y en la segunda justificar su acuerdo o desacuerdo con dos afirmaciones, utilizando para ello los datos de un pictograma. El análisis de las respuestas permite comparar en los dos cursos la corrección de las respuestas y el nivel alcanzado de lectura. |
| 650 #4 - ASIENTO SECUNDARIO DE MATERIA - TERMINO TEMATICO | |
| Término de materia o nombre geográfico como elemento de entrada | Educación básica |
| 9 (RLIN) | 7340 |
| 653 0# - TERMINO DE INDIZACION - NO CONTROLADO | |
| Término no controlado | Nivel de lectura |
| 653 0# - TERMINO DE INDIZACION - NO CONTROLADO | |
| Término no controlado | Pictograma |
| 653 0# - TERMINO DE INDIZACION - NO CONTROLADO | |
| Término no controlado | Chile (país) |
| 773 ## - ENLACE AL DOCUMENTO FUENTE/ENTRADA DE REGISTRO ANFITRIÓN | |
| Parte(s) relacionada(s) | No. 14 (2018 ), p. 49-64 |
| Título | Avances de investigación en educación matemática |
| Número Internacional Normalizado para Publicaciones Seriadas | 2254-4313 |
| 856 40 - LOCALIZACIÓN Y ACCESO ELECTRÓNICOS | |
| Identificador Uniforme del Recurso | <a href="https://aiem.es/article/view/3878/4320">https://aiem.es/article/view/3878/4320</a> |
| 902 ## - ELEMENTOS DE DATOS B LOCAL, LDB (RLIN) | |
| Creó | Gloria Jiménez |
| Modificó | Gloria Jiménez/290523 |
| 905 ## - TIPO DE MATERIAL | |
| Tipo de material | Articulo |
| 942 ## - ELEMENTOS DE PUNTO DE ACCESO ADICIONAL (KOHA) | |
| Tipo de ítem Koha | Artículo Electrónico |
| Estado de retiro | Estado de pérdida | Estado dañado | No para préstamo | Código de colección | Localización permanente | Ubicación/localización actual | Ubicación en estantería | Fecha de adquisición | Total de préstamos | Fecha visto por última vez | Identificador Uniforme del Recurso | Precio válido a partir de | Tipo de ítem Koha |
|---|---|---|---|---|---|---|---|---|---|---|---|---|---|
| Acceso abierto | Bib. Gregorio Torres Quintero | Bib. Gregorio Torres Quintero | En línea | 29/05/2023 | 29/05/2023 | https://aiem.es/article/view/3878/4320 | 29/05/2023 | Artículo Electrónico |
